00382nam a2200133 a 4500008004100000020001500041050001900056100002500075245003400100246004200134260004000176300002300216350000900239120416s1983 ||||||||||||||||| || u a0471891703 aTP 248.H85 Sch aSchmidt, Erik Walber10aHydrazine and its derivatives apreparation, properties, applications aNew YorkbJohn Wiley and Sonsc1983 axxv, 1059p. : ill. a0.00